<?xml version="1.0" encoding="UTF-8"?>
<record
    xmlns:xsi="http://www.w3.org/2001/XMLSchema-instance"
    xsi:schemaLocation="http://www.loc.gov/MARC21/slim http://www.loc.gov/standards/marcxml/schema/MARC21slim.xsd"
    xmlns="http://www.loc.gov/MARC21/slim">

  <leader>01718cam a22004217a 4500</leader>
  <controlfield tag="001">9391737</controlfield>
  <controlfield tag="005">20170105102351.0</controlfield>
  <controlfield tag="006">m        d        </controlfield>
  <controlfield tag="007">cr  n         </controlfield>
  <controlfield tag="008">120120s2012    flua    sbf   001 0 eng d</controlfield>
  <datafield tag="020" ind1=" " ind2=" ">
    <subfield code="a">9781420088144 (hbk. : acidfree paper)</subfield>
  </datafield>
  <datafield tag="035" ind1=" " ind2=" ">
    <subfield code="a">(WaSeSS)ssj0000580953</subfield>
  </datafield>
  <datafield tag="040" ind1=" " ind2=" ">
    <subfield code="a">UKM</subfield>
    <subfield code="c">UKM</subfield>
    <subfield code="d">YDXCP</subfield>
    <subfield code="d">BTCTA</subfield>
    <subfield code="d">BAKER</subfield>
    <subfield code="d">BWX</subfield>
    <subfield code="d">VGM</subfield>
    <subfield code="d">DLC</subfield>
    <subfield code="d">WaSeSS</subfield>
  </datafield>
  <datafield tag="042" ind1=" " ind2=" ">
    <subfield code="a">lccopycat</subfield>
  </datafield>
  <datafield tag="050" ind1=" " ind2="4">
    <subfield code="a">TK5103.2</subfield>
    <subfield code="b">.N433 2012</subfield>
  </datafield>
  <datafield tag="082" ind1="0" ind2="4">
    <subfield code="a">621.3821</subfield>
    <subfield code="2">22</subfield>
  </datafield>
  <datafield tag="245" ind1="0" ind2="0">
    <subfield code="a">Near field communications handbook</subfield>
    <subfield code="c">Syed A. Ahson </subfield>
  </datafield>
  <datafield tag="260" ind1=" " ind2=" ">
    <subfield code="a">Boca Raton :</subfield>
    <subfield code="b">CRC Press,</subfield>
    <subfield code="c">c2012.</subfield>
  </datafield>
  <datafield tag="300" ind1=" " ind2=" ">
    <subfield code="a">xiii, 364 p.</subfield>
    <subfield code="b">ill:,</subfield>
    <subfield code="c">25 cm.</subfield>
  </datafield>
  <datafield tag="490" ind1="1" ind2=" ">
    <subfield code="a">Internet and communications ;</subfield>
    <subfield code="v">v. 13</subfield>
  </datafield>
  <datafield tag="500" ind1=" " ind2=" ">
    <subfield code="a">1. Communications</subfield>
  </datafield>
  <datafield tag="504" ind1=" " ind2=" ">
    <subfield code="a">Includes bibliographical references and index.</subfield>
  </datafield>
  <datafield tag="506" ind1=" " ind2=" ">
    <subfield code="a">License restrictions may limit access.</subfield>
  </datafield>
  <datafield tag="650" ind1=" " ind2="0">
    <subfield code="a">Near field communication</subfield>
    <subfield code="v">Handbooks, manuals, etc.</subfield>
  </datafield>
  <datafield tag="650" ind1=" " ind2="0">
    <subfield code="a">Wireless communication systems</subfield>
    <subfield code="v">Handbooks, manuals, etc.</subfield>
  </datafield>
  <datafield tag="650" ind1=" " ind2="0">
    <subfield code="a">Mobile communication systems</subfield>
    <subfield code="v">Handbooks, manuals, etc.</subfield>
  </datafield>
  <datafield tag="700" ind1="1" ind2=" ">
    <subfield code="a">Ahson, Syed.</subfield>
  </datafield>
  <datafield tag="700" ind1="1" ind2=" ">
    <subfield code="a">Ilyas, Mohammad,</subfield>
    <subfield code="d">1953-</subfield>
  </datafield>
  <datafield tag="773" ind1=" " ind2="0">
    <subfield code="t">TELECOMMUNICATIONSnetBASE</subfield>
  </datafield>
  <datafield tag="773" ind1=" " ind2="0">
    <subfield code="t">ENGnetBASE</subfield>
  </datafield>
  <datafield tag="773" ind1=" " ind2="0">
    <subfield code="t">ELECTRICALENGINEERINGnetBASE</subfield>
  </datafield>
  <datafield tag="830" ind1=" " ind2="0">
    <subfield code="a">Internet and communications ;</subfield>
    <subfield code="v">v. 13.</subfield>
  </datafield>
  <datafield tag="856" ind1="4" ind2="0">
    <subfield code="u">http://www.columbia.edu/cgi-bin/cul/resolve?clio9391737.001</subfield>
    <subfield code="z">Full text available from ELECTRICALENGINEERINGnetBASE</subfield>
  </datafield>
  <datafield tag="856" ind1="4" ind2="0">
    <subfield code="u">http://www.columbia.edu/cgi-bin/cul/resolve?clio9391737.002</subfield>
    <subfield code="z">Full text available from ENGnetBASE</subfield>
  </datafield>
  <datafield tag="856" ind1="4" ind2="0">
    <subfield code="u">http://www.columbia.edu/cgi-bin/cul/resolve?clio9391737.003</subfield>
    <subfield code="z">Full text available from TELECOMMUNICATIONSnetBASE</subfield>
  </datafield>
  <datafield tag="910" ind1=" " ind2=" ">
    <subfield code="a">Library of Congress record</subfield>
  </datafield>
  <datafield tag="942" ind1=" " ind2=" ">
    <subfield code="2">ddc</subfield>
    <subfield code="c">BK</subfield>
  </datafield>
  <datafield tag="999" ind1=" " ind2=" ">
    <subfield code="c">11924</subfield>
    <subfield code="d">11924</subfield>
  </datafield>
  <datafield tag="952" ind1=" " ind2=" ">
    <subfield code="0">0</subfield>
    <subfield code="1">0</subfield>
    <subfield code="4">0</subfield>
    <subfield code="7">0</subfield>
    <subfield code="8">NFIC</subfield>
    <subfield code="a">CL</subfield>
    <subfield code="b">CL</subfield>
    <subfield code="c">GEN</subfield>
    <subfield code="d">2013-06-04</subfield>
    <subfield code="e">A&amp;J DEF Tek Consultant</subfield>
    <subfield code="g">8420.74</subfield>
    <subfield code="l">2</subfield>
    <subfield code="o">621.3821 AHS</subfield>
    <subfield code="p">SEECS012425</subfield>
    <subfield code="r">2016-01-26</subfield>
    <subfield code="s">2015-10-13</subfield>
    <subfield code="w">2013-06-14</subfield>
    <subfield code="y">BK</subfield>
  </datafield>
</record>
